00538nam a2200169Ia 450000500170000000800410001702000150005808200130007310000110008624500630009726000440016030000130020450000350021794200060025295200950025899900150035320250613033756.0240331s9999 xx 000 0 und d a9558755028 bREEa331 aReed,E 0aStree vimukthiya pilibanda getalu :bMaxswadee praveshayak aRajagiriyabDifference Publishersc2003 a171 p ., aProblems of Women's Liberation cL 001040708LaWERCLbWERCLcSSCd2024-03-31l0o 331 REEp4845r2024-03-31w2024-03-31yL c5053d5053